[Event "Titled Tue 18th Jul Early"]
[Site "chess.com INT"]
[Date "2023.07.18"]
[Round "4"]
[White "Theodorou, Nikolas"]
[Black "Smirnov, P."]
[Result "1-0"]
[WhiteElo "2586"]
[BlackElo "2538"]
[PlyCount "83"]
[EventDate "2023.07.18"]

1. Nf3 Nf6 2. b3 d5 3. Bb2 e6 4. g3 Be7 5. Bg2 O-O 6. c4 c5 7. cxd5 Nxd5 8. O-O b6 9. d4 Bb7 10. Nc3 Nxc3 11. Bxc3 Nd7 ({RR} 11... cxd4 12. Nxd4 Bxg2 13. Kxg2 Qc8 14. Rc1 Qb7+ 15. f3 Nd7 16. Qd2 Rac8 17. Rfd1 Rfd8 18. Qb2 Nf6 19. Rd3 b5 20. a3 Nd5 21. Rcd1 Nxc3 22. Rxc3 Rxc3 23. Qxc3 e5 24. Qc6 Qxc6 25. Nxc6 Rxd1 26. Nxe7+ {Kacharava,N (2521)-Nalbandyan,V (2155) chess.com INT 2025 0-1 (47)}) 12. Rc1 Rc8 13. Qd2 Nf6 14. dxc5 $146 ({RR} 14. Bb2 cxd4 15. Qxd4 Qxd4 16. Nxd4 Bxg2 17. Kxg2 Nd5 18. Nb5 Rc5 19. a4 a6 20. Na3 Rfc8 21. Rxc5 Rxc5 22. Rc1 {½-½ (22) Shahaliyev,I (2379)-Idrisov,T (2271) Baku 2017}) 14... Qxd2 15. Nxd2 Bxg2 16. Kxg2 Bxc5 17. Bxf6 gxf6 18. Ne4 Be7 19. g4 Rfd8 20. e3 Kg7 21. h4 Ba3 22. Rxc8 Rxc8 23. Rd1 Rc7 24. Rd8 Be7 25. Re8 Rd7 26. Ng3 Bd8 27. f4 h6 28. Kf3 Kh7 29. f5 Kg7 30. Nh5+ Kh7 31. Rf8 e5 32. Ke4 b5 33. b4 a6 34. a3 Rd6 35. Rxf7+ Kg8 36. Rg7+ Kf8 37. Rg6 Kf7 38. Rxh6 Rc6 39. Rh7+ Kg8 40. Rd7 Rc4+ 41. Kd5 Rc8 42. e4 1-0

[Event "Titled Tue 18th Jul Early"]
[Site "chess.com INT"]
[Date "2023.07.18"]
[Round "8"]
[White "Vitiugov, N."]
[Black "Tregubov, P."]
[Result "1-0"]
[WhiteElo "2720"]
[BlackElo "2567"]
[PlyCount "93"]
[EventDate "2023.07.18"]

1. Nf3 Nf6 2. g3 c5 3. Bg2 Nc6 4. O-O e5 5. d3 d5 6. Nbd2 Be7 7. e4 O-O 8. c3 d4 9. Nc4 Qc7 10. a4 Be6 11. cxd4 cxd4 12. b3 Nd7 13. Nh4 $146 ({RR} 13. Ng5 Bxg5 14. Bxg5 Nc5 15. f4 f6 16. Bh4 Nb4 17. f5 Bf7 18. g4 Nbxd3 19. Rf3 Nxb3 20. Qxb3 Bxc4 21. Qc2 Nb4 22. Qb2 Qd6 23. g5 fxg5 24. Bxg5 Rac8 25. f6 Ba6 26. Qf2 Rf7 27. Bh3 Rc2 {Miko,S (2240)-Seres,L (2450) Eger 1996 0-1 (56)}) 13... Bxh4 14. gxh4 Bxc4 15. bxc4 Nc5 16. h5 Ne6 17. Kh1 h6 18. Bh3 Nf4 19. Bf5 Ne7 20. Bxf4 exf4 21. Qg4 Qe5 22. Rab1 Nxf5 23. Rb5 Qc7 24. Rxf5 f6 25. Rg1 Kh8 26. Rxf4 Rfe8 27. Qg6 Re6 28. Rfg4 Rg8 29. Qf5 Re5 30. Qf4 Qf7 31. Qf3 Rxh5 32. Rg6 Re5 33. Qh3 Kh7 34. f4 Ra5 35. f5 Rxa4 36. e5 fxe5 37. f6 Qxg6 38. Rxg6 Kxg6 39. Qe6 Rf8 40. f7+ Kh7 41. Qe8 Rxf7 42. Qxf7 Ra6 43. Qxb7 Ra1+ 44. Kg2 Re1 45. c5 e4 46. dxe4 d3 47. Qd5 1-0

[Event "Titled Tue 18th Jul Early"]
[Site "chess.com INT"]
[Date "2023.07.18"]
[Round "9"]
[White "Pranav, V."]
[Black "Fridman, D."]
[Result "1-0"]
[WhiteElo "2588"]
[BlackElo "2586"]
[PlyCount "85"]
[EventDate "2023.07.18"]

1. e4 e6 2. d3 d5 3. Nd2 Nf6 4. Ngf3 c5 5. g3 Nc6 6. Bg2 Be7 7. O-O O-O 8. Re1 b5 9. e5 Nd7 10. Nf1 a5 11. h4 a4 12. a3 Qc7 ({RR} 12... Bb7 13. h5 h6 14. Bf4 Qb6 15. Qd2 Rfc8 16. g4 Qd8 17. N1h2 Ra6 18. Kh1 b4 19. Rg1 Nf8 20. axb4 cxb4 21. d4 Na5 22. g5 Nc4 23. Qc1 hxg5 24. Bxg5 b3 25. Bxe7 Qxe7 26. Bf1 a3 27. Rxg7+ {Karjakin,S (2757)-Shankland,S (2709) Krasnaya Polyana 2021 1-0 (36)}) 13. Bf4 b4 14. h5 Ba6 $146 ({RR} 14... bxa3 15. bxa3 Rb8 16. Qd2 Nd4 17. Nxd4 cxd4 18. h6 g6 19. Nh2 Qc3 20. Qc1 Rb2 21. Re2 Ba6 22. Bf1 Rc8 23. Bg5 Bf8 24. Ng4 Rxc2 25. Rxc2 Qxc2 26. Qf4 Bxd3 27. Bh3 Bf5 28. Bg2 Bxg4 29. Qxg4 {Yurasov,M (2152)-Bogaudinov,R (1853) chess.com INT 2024 0-1 (56)}) ({RR} 14... h6 15. N1h2 Re8 16. Ng4 Bf8 17. Qd2 bxa3 18. bxa3 Rb8 19. Bxh6 gxh6 20. Nxh6+ Bxh6 21. Qxh6 Nf8 22. Qg5+ Kh7 23. h6 Ng6 24. Qf6 Rg8 25. Ng5+ Kxh6 26. Nxf7+ Kh7 27. Bxd5 exd5 28. Ng5+ Kh6 29. Kg2 {Srihari,L (2367)-Kuznetsova,O (2142) chess.com INT 2025 1-0 (54)}) 15. h6 g6 16. Ne3 Rab8 17. Qc1 Qd8 18. Ng4 b3 19. c4 dxc4 20. dxc4 Nd4 21. Nxd4 cxd4 22. Rd1 Nc5 23. Be3 d3 24. Qc3 Rc8 25. Rac1 Qc7 26. Bxc5 Qxc5 27. Qxd3 Bg5 28. Qf3 Rc7 29. Nf6+ Kh8 30. Nd7 Rxd7 31. Rxd7 Kg8 32. Re1 Qxc4 33. Bf1 Qc8 34. Ra7 Bxf1 35. Kxf1 Qc2 36. Re2 Qc4 37. Qe4 Qxe4 38. Rxe4 Bc1 39. Re2 Bxh6 40. Rxa4 Rc8 41. Rb4 Rc1+ 42. Re1 Rc2 43. Rxb3 1-0

[Event "Titled Tue 18th Jul Early"]
[Site "chess.com INT"]
[Date "2023.07.18"]
[Round "10"]
[White "Oparin, G."]
[Black "Bacrot, E."]
[Result "1-0"]
[WhiteElo "2681"]
[BlackElo "2662"]
[PlyCount "65"]
[EventDate "2023.07.18"]

1. Nf3 {ChessBase II} d5 2. e3 Nf6 3. c4 e6 4. b3 b6 5. Bb2 Bb7 6. Rg1 $146 ({RR} 6. cxd5 exd5 7. Bb5+ c6 8. Be2 Nbd7 9. O-O g6 10. d4 Bg7 11. Ba3 c5 12. Nc3 O-O 13. Rc1 a6 14. Na4 Ne4 15. dxc5 bxc5 16. Nd2 Nxd2 17. Qxd2 d4 18. Nxc5 Nxc5 19. Bxc5 Qg5 20. g3 dxe3 {Bellon Lopez,J (2430)-Ochoa de Echaguen,F (2410) Medina del Campo 1980 1-0 (36)}) ({RR} 6. Nc3 a6 7. cxd5 exd5 8. d4 Bd6 9. g3 O-O 10. Bg2 Nbd7 11. O-O Qe7 ({RR} 11... Re8 12. Rc1 Ne4 13. Rc2 Ndf6 14. Qc1 Ng4 15. Ba3 Rc8 16. Na4 a5 17. h3 Ngf6 18. Rd1 Bb4 19. Ne5 c5 20. Bb2 c4 21. bxc4 dxc4 22. Nxc4 b5 23. Nc5 bxc4 24. Nxb7 Qe7 25. Nc5 c3 26. Ba1) 12. a4 Ne4 13. Ne2 a5 14. Nf4 Rac8 15. Re1 Bb4 16. Re2 Nc3 17. Bxc3 Bxc3 18. Rc1 Bb4 19. Rec2 c6 20. Nd3 Bd6 {Karjakin,S (2785)-So,W (2808) Wijk aan Zee 2017 CBM 177 [ChessBase II] ½-½}) ({RR} 6. cxd5 exd5 7. Nc3 Nbd7 8. d4 a6 9. Bd3 Bd6 10. O-O O-O 11. Rc1 Ne4 12. Rc2 Qe7 13. Qc1 Ndf6 14. Ne2 c5 15. Ng3 Nxg3 16. hxg3 Ne4 17. dxc5 bxc5 18. Bxe4 dxe4 19. Nd2 Rad8 20. Nc4 Bc7) 6... Nbd7 7. g4 c5 8. g5 Ne4 9. d3 Nd6 10. Nc3 Qc7 11. Rc1 dxc4 12. bxc4 h6 13. g6 f6 14. Qe2 Be7 15. e4 O-O 16. Bh3 f5 17. e5 Bxf3 18. Qxf3 Nxe5 19. Qe2 Bf6 20. f4 Nxd3+ 21. Qxd3 Ne4 22. Qf3 Rad8 23. Rg2 Rd4 24. Nb5 Qd7 25. Nxd4 cxd4 26. Rd1 Rd8 27. Kf1 Qa4 28. Qb3 Qa5 29. Re2 Qc5 30. Bg2 Qc7 31. Bxe4 fxe4 32. Rxe4 e5 33. f5 1-0

[Event "Titled Tue 18th Jul Early"]
[Site "chess.com INT"]
[Date "2023.07.18"]
[Round "11"]
[White "Nakamura, Hi"]
[Black "Martinez Alcantara, Jose Eduardo"]
[Result "1-0"]
[WhiteElo "2787"]
[BlackElo "2619"]
[PlyCount "143"]
[EventDate "2023.07.18"]

1. Nf3 Nf6 2. b3 c5 3. Bb2 d5 4. e3 g6 5. Bxf6 exf6 6. c3 Nc6 7. d4 cxd4 8. Nxd4 Bg7 9. g3 O-O 10. Bg2 f5 11. Ne2 Be6 12. O-O Rc8 13. Nd2 Qa5 14. b4 Qc7 $146 ({RR} 14... Qb6 15. Rb1 Rfd8 16. a4 Ne5 17. a5 Qc7 18. Nb3 Ng4 19. Nbd4 Qe7 20. Rc1 Nf6 21. Nf4 Ne4 22. Qd3 a6 23. Rfd1 Rc7 24. Rc2 Rdc8 25. Rdc1 Bf6 26. Bf1 Kg7 27. Ndxe6+ fxe6 28. c4 dxc4 29. Rxc4 {Nakamura,H (2788)-Blohberger,F (2534) chess.com INT 2023 1-0 (44)}) 15. Nb3 Ne5 16. Nbd4 Rfe8 17. Rc1 a6 18. Nf4 Rcd8 19. Qb3 Nc4 20. Rfd1 Kh8 21. Nf3 h6 22. h4 b5 23. Nd4 Rd6 24. Nde2 Kh7 25. Bxd5 Red8 26. Bxe6 fxe6 27. Nd4 Re8 28. h5 g5 29. Ng6 Qb7 30. Qc2 Bxd4 31. exd4 Qf3 32. Ne5 Nxe5 33. dxe5 Rd5 34. Rxd5 exd5 35. Re1 Kg7 36. Qd2 f4 37. Qc2 Qxh5 38. Qf5 Rf8 39. Qd7+ Rf7 40. Qxd5 fxg3 41. fxg3 Qg4 42. Re3 Qf5 43. Qg2 Re7 44. Qe2 Qe6 45. Kh2 Rf7 46. a3 Rf5 47. Kg2 Qd5+ 48. Kh2 Qe6 49. Qe1 h5 50. Qe2 Kh6 51. Kg2 Qd5+ 52. Kh2 Qe6 53. Qe1 Kg7 54. Qd2 Qf7 55. Re2 Qe6 56. Qd4 Rf7 57. Qd6 Re7 58. Qxe6 Rxe6 59. g4 h4 60. Kh3 Kf7 61. Rf2+ Kg6 62. Rf5 Rc6 63. Kg2 Rc4 64. Rf6+ Kg7 65. Kf3 Rxc3+ 66. Ke4 h3 67. Rf2 Rc4+ 68. Kd5 Kg6 69. e6 Rf4 70. Re2 Rf8 71. e7 Re8 72. Ke6 1-0

[Event "Titled Tue 18th Jul Late"]
[Site "chess.com INT"]
[Date "2023.07.18"]
[Round "7"]
[White "Nakamura, Hi"]
[Black "Martinez Alcantara, Jose Eduardo"]
[Result "1-0"]
[WhiteElo "2787"]
[BlackElo "2619"]
[PlyCount "117"]
[EventDate "2023.07.18"]

1. Nf3 Nf6 2. b3 d5 3. Bb2 c5 4. e3 g6 5. Bxf6 exf6 6. c3 Nc6 7. d4 cxd4 8. Nxd4 f5 9. g3 Bg7 10. Ne2 O-O 11. Bg2 Be6 12. O-O Qa5 $146 ({RR} 12... Rc8 13. Qd2 Qa5 14. b4 Qa4 15. Nd4 Ne5 16. Qd1 Qxd1 17. Rxd1 a6 18. a4 Rc7 19. Ne2 Nc4 20. Nf4 Rd8 21. Ra2 g5 22. Nxe6 fxe6 23. a5 Kf7 24. Bf1 Nd6 25. Ra3 Rdc8 26. Rc1 Ne4 27. b5 {Nakamura,H (2766)-Moiseenko,A (2582) Chess.com INT 2022 ½-½ (60)}) ({RR} 12... Rc8 13. Nd2 Qa5 14. b4 Qc7 15. Nb3 Ne5 16. Nbd4 Rfe8 17. Rc1 a6 18. Nf4 Rcd8 19. Qb3 Nc4 20. Rfd1 Kh8 21. Nf3 h6 22. h4 b5 23. Nd4 Rd6 24. Nde2 Kh7 25. Bxd5 Red8 26. Bxe6 fxe6 27. Nd4 {Nakamura,H (2787)-Martinez Alcantara,J (2619) chess.com INT 2023 1-0 (72)}) 13. b4 Qc7 14. Nd2 Rad8 15. Nf3 Rfe8 16. Qd2 Ne7 17. Rac1 Nc8 18. Nf4 Nd6 19. Nd4 Nc4 20. Qe2 Be5 21. Rfd1 Bxf4 22. exf4 Bd7 23. Qf1 Nb6 24. h4 h5 25. Nf3 a6 26. Nd4 Re7 27. Re1 Rde8 28. Rxe7 Rxe7 29. Qd3 Qd6 30. Qd1 Ba4 31. Qd3 Qd7 32. Bf1 Nc4 33. Qb1 Nd6 34. Bd3 Bb5 35. Rd1 Bxd3 36. Qxd3 Ne4 37. Ne2 Nf6 38. f3 Qa4 39. Rd2 Qc6 40. Kf2 Qb6+ 41. Qd4 Qc6 42. Nc1 Rc7 43. Rd3 Kg7 44. Nb3 Qa4 45. Rd2 Rc4 46. Qe5 Qc6 47. Nd4 Qb6 48. Kg2 Rc8 49. Nb3 Re8 50. Qd4 Qc6 51. Nc5 Kg8 52. a4 Re7 53. a5 Kg7 54. Kf2 b6 55. axb6 Qxb6 56. Ra2 Ra7 57. Ne6+ Qxe6 58. Qxa7 d4 59. Re2 1-0

[Event "Titled Tue 18th Jul Late"]
[Site "chess.com INT"]
[Date "2023.07.18"]
[Round "7"]
[White "Terry, R."]
[Black "Paravyan, D."]
[Result "1-0"]
[WhiteElo "2520"]
[BlackElo "2612"]
[PlyCount "107"]
[EventDate "2023.07.18"]

1. Nf3 Nf6 2. e3 g6 3. b4 Bg7 4. Bb2 O-O 5. c4 d6 6. d4 c5 7. a3 b6 ({RR} 7... cxd4 8. exd4 e5 9. dxe5 dxe5 10. Qxd8 Rxd8 11. Nxe5 Ng4 12. Nd3 Re8+ 13. Be2 Bf5 14. Kd2 Bxd3 15. Bxg4 Bxb2 16. Ra2 Rd8 17. Rxb2 Bf5+ 18. Kc3 Bxg4 19. Nd2 Bf5 {0-1 (19) Carlsen,M (2847)-Dubov,D (2710) chess24.com INT 2021}) ({RR} 7... cxd4 8. exd4 e5 9. Be2 e4 10. Nfd2 d5 11. O-O Nc6 12. b5 Ne7 13. Nc3 Re8 14. cxd5 Nexd5 15. Nxd5 Nxd5 16. Nc4 Nf4 17. Ne3 Be6 18. g3 Bxd4 19. Bxd4 Nxe2+ 20. Qxe2 Qxd4 21. Rfd1 Qe5 22. a4 {Rakhmangulov,A (2271)-Holm,K (2500) Dublin IRL 2025 0-1 (45)}) 8. Be2 Bb7 9. O-O Nbd7 $146 ({RR} 9... e6 10. Nbd2 Nbd7 11. Qb3 Qc7 12. Rfc1 Rfe8 13. Bc3 Rab8 14. Qb2 e5 15. d5 Rf8 16. a4 h6 17. Ne1 Ne8 18. a5 f5 19. axb6 Qxb6 20. bxc5 Qxb2 21. Bxb2 Nxc5 22. Rcb1 Rf7 23. Bc3 Rc8 24. Nc2 {Kaenel,H (2375)-Eschbach,D Bad Zurzach 1995 ½-½ (99)}) 10. Nbd2 cxd4 11. exd4 Rc8 12. Rc1 Nh5 13. Re1 Nf4 14. Bf1 e5 15. d5 b5 16. Ne4 Nf6 17. g3 Nxe4 18. Rxe4 f5 19. Re1 Nh5 20. cxb5 Rxc1 21. Bxc1 Nf6 22. Bc4 h6 23. Nh4 Kh7 24. Be3 Qd7 25. Qd3 e4 26. Qd2 g5 27. Ng2 Ng4 28. Be2 Ne5 29. Rc1 f4 30. gxf4 Nf3+ 31. Bxf3 exf3 32. Qd3+ Kh8 33. Ne1 Qg4+ 34. Kh1 Re8 35. fxg5 hxg5 36. Rc4 Rxe3 37. Rxg4 Rxe1+ 38. Rg1 Re5 39. Qg6 Bxd5 40. Rc1 Be6 41. a4 d5 42. a5 Bf5 43. Qh5+ Kg8 44. b6 axb6 45. axb6 Re4 46. b7 Rxb4 47. Qe8+ Kh7 48. b8=Q Rxb8 49. Qxb8 Kg6 50. Qd6+ Kh5 51. Qxd5 Bh3 52. Qxf3+ g4 53. Qf5+ Kh4 54. Qh7+ 1-0

[Event "Titled Tue 18th Jul Late"]
[Site "chess.com INT"]
[Date "2023.07.18"]
[Round "8"]
[White "Rasulov, Vu"]
[Black "Makarian, Rudik"]
[Result "1-0"]
[WhiteElo "2540"]
[BlackElo "2541"]
[PlyCount "65"]
[EventDate "2023.07.18"]

1. Nf3 Nf6 2. e3 d5 3. c4 e6 4. Nc3 b6 5. cxd5 exd5 6. d4 Bd6 7. g3 Bb7 8. Bg2 Nbd7 9. O-O a6 10. b3 Qe7 11. Bb2 O-O-O 12. a4 h5 13. Qc1 $146 ({RR} 13. Qe2 Ne4 14. Nxe4 dxe4 15. Nd2 h4 16. Nc4 Bb4 17. Rac1 Kb8 18. Bc3 hxg3 19. fxg3 Bxc3 20. Rxc3 Rh6 21. Qf2 Nf6 22. Rcc1 Rxh2 23. Ne5 Rdh8 24. a5 b5 25. Rc5 Qe6 26. Rfc1 Nd5 27. Rc6 Bxc6 {Bambino Filho,A (2179)-Pironti,F (2020) Florianopolis BRA 2025 0-1 (71)}) 13... Ne4 14. Nxe4 dxe4 15. Nd2 h4 16. Nc4 Kb8 17. Qc2 f5 18. Rfc1 Rc8 19. Nxd6 cxd6 20. Qd2 g5 21. Ba3 hxg3 22. hxg3 Qh7 23. Rxc8+ Bxc8 24. Bxd6+ Ka8 25. g4 Nf6 26. gxf5 Bxf5 27. Rc1 Bh3 28. Rc7 Qh5 29. Qc2 Bd7 30. Rxd7 Nxd7 31. Qc6+ Ka7 32. Qxd7+ Ka8 33. Bxe4# 1-0

[Event "Bullet Chess Winners 2023"]
[Site "chess.com INT"]
[Date "2023.07.17"]
[Round "1.3"]
[White "Le Tuan Minh"]
[Black "Erigaisi, Arjun"]
[Result "1-0"]
[WhiteElo "2557"]
[BlackElo "2710"]
[PlyCount "49"]
[EventDate "2023.07.17"]
[EventType "k.o."]

1. Nf3 e6 2. b3 c5 3. Bb2 Nf6 4. e3 Nc6 5. Be2 d5 6. O-O Bd6 7. d4 O-O 8. Nbd2 Qe7 9. c4 b6 $146 ({RR} 9... cxd4 10. exd4 dxc4 11. Nxc4 b6 12. Nfe5 Bb7 13. Bf3 Rac8 14. Rc1 Rfd8 15. Bxc6 Bxc6 16. Nxb6 Bxe5 17. Nxc8 Bxh2+ 18. Kxh2 Rxc8 19. Kg1 h5 20. d5 Nxd5 21. Qxh5 f6 22. Rc4 Bb7 23. Rfc1 Rxc4 24. Rxc4 {Kaenel,H (2310)-Zolnierowicz,K (2370) Bern 1991 1-0 (35)}) 10. cxd5 exd5 11. Rc1 Bb7 12. Qc2 Rac8 13. Qb1 h6 14. h3 Rfd8 15. Rfe1 Bb8 16. Bd3 Nb4 17. Bf5 Rc7 18. dxc5 bxc5 19. Be5 Rc6 20. Bxb8 Rxb8 21. a3 Na6 22. Bd3 Rb6 23. Qa1 Nc7 24. Qe5 Ne6 25. Qxb8+ 1-0

[Event "Bullet Chess Winners 2023"]
[Site "chess.com INT"]
[Date "2023.07.17"]
[Round "1.8"]
[White "Erigaisi, Arjun"]
[Black "Le Tuan Minh"]
[Result "1-0"]
[WhiteElo "2710"]
[BlackElo "2557"]
[PlyCount "187"]
[EventDate "2023.07.17"]
[EventType "k.o."]

1. Nf3 {Avrukh,Boris} d5 2. g3 c6 3. Bg2 g6 4. O-O Bg7 5. d4 Nf6 6. h3 ({RR} 6. b3 a5 ({RR} 6... O-O 7. Bb2 Ne4 8. Nbd2 ({RR} 8. Nfd2 Nd6 9. e3 c5 10. c3 cxd4 11. cxd4 Nb5 12. Qe2 Nc7 13. Nc3 Nc6 14. Nb5 Bg4 15. Qxg4 Nxb5 16. Qe2 a6 17. a4 Nba7 18. Ba3) 8... Nxd2 9. Qxd2 Bf5 10. Nh4 Be6 11. Rac1 c5) ({RR} 6... Bf5 7. Bb2 Qc8 8. Re1 O-O 9. c4 Rd8 10. Nbd2 Bh3 11. Bh1 Bh6 12. e3 Bg4 13. Qc2 Bf5 14. Qc3 Ne4 15. Nxe4 Bxe4) 7. c4 a4 8. Ba3 ({RR} 8. Bb2 O-O 9. Nc3 axb3 10. cxd5 Nxd5 11. Nxd5 Qxd5) 8... Ne4 ({RR} 8... O-O) 9. e3 Bf5 10. Nfd2 Nxd2 ({RR} 10... O-O 11. Nxe4 Bxe4 12. Bxe4 ({RR} 12. cxd5 Bxg2 13. Kxg2 Qxd5+) 12... dxe4) 11. Qxd2 Be6 ({RR} 11... O-O 12. cxd5 axb3 ({RR} 12... cxd5 13. Nc3) 13. axb3 c5 ({RR} 13... cxd5 14. Bxe7) 14. Bb2 Rxa1 15. Bxa1) 12. cxd5 Bxd5 13. Bxd5 cxd5 ({RR} 13... Qxd5 14. Nc3 Qf3 15. Nxa4 b5 16. Qb4) 14. Nc3 axb3 15. Qb2 bxa2 ({RR} 15... O-O 16. Qxb3 Re8 17. Bb2 e6 18. Qxb7 Nd7 19. Rfb1 Nf6) 16. Rxa2 Qd7 17. Rb1 Ra7 18. Qb3 Nc6 ({RR} 18... e6 19. Qb6 Nc6 20. Nb5 Rxa3 21. Nxa3) 19. Nxd5 Na5 ({RR} 19... O-O 20. Nxe7+ Nxe7 21. Bxe7 Rxa2 22. Bxf8 Rd2 23. Bxg7 Qf5 24. Rf1 Kxg7 25. Qxb7) 20. Qb4 Nc6 {Georgiev,K (2660)-Kempinski,R (2545) Elista 1998 CBM 068 [Avrukh,Boris] 1-0}) ({RR} 6. c4 dxc4 7. Ne5 Be6 8. Na3 Bd5 9. Naxc4 Bxg2 10. Kxg2 O-O 11. Nf3 ({RR} 11. e3) 11... Nbd7 12. Qd3 Nb6 13. Nce5 Qd5 14. b3 Ne4 15. Bb2 Bxe5 16. dxe5 Qxd3 17. exd3 Nc5 18. Ba3 Nxd3 19. Rad1 Rfd8 20. Bxe7 Rd5) ({RR} 6. Bf4 Qb6 7. Qc1 O-O 8. c4 dxc4 9. Nbd2 Be6 10. e4 Na6 11. Ng5 Bg4 12. h3 Be2 13. Re1 Bd3 14. Ngf3 Nb4 15. Nxc4 Qa6) 6... O-O 7. Nbd2 ({RR} 7. Be3 Re8 8. Ne5 Be6 9. Nd2 Nfd7 10. Ndf3 f6 11. Nd3 a5 12. a3 Kh8 13. Qd2 Bg8 14. Bh6 e5 15. Bxg7+ Kxg7 16. dxe5 fxe5 17. Nh2 Nf6 18. b4 Nbd7 19. Nb2 axb4 20. axb4 Qe7 21. Rfb1 Nb6 {Klueppel,R (1784)-Murina,R (1920) Germany 2020 0-1 (45)}) 7... Nbd7 8. Re1 $146 ({RR} 8. c4 e6 9. Re1 b6 10. e4 dxe4 11. Nxe4 Nxe4 12. Rxe4 Nf6 13. Re1 Bb7 14. Ne5 Qc7 15. Qe2 Rad8 16. Be3 c5 17. Rad1 Bxg2 18. Kxg2 Nd7 19. Nxd7 Rxd7 20. dxc5 Rxd1 21. Rxd1 bxc5 22. b3 Re8 {Barnier,C (1800)-Topenas,P (1499) Saint Quentin 2001 1-0 (44)}) 8... Nb6 9. b3 Bf5 10. a4 Ne4 11. Bb2 Nd7 12. Nh4 Nxd2 13. Qxd2 Be6 14. Qd3 f5 15. Nf3 h6 16. Qd2 Bf7 17. a5 a6 18. Rac1 Re8 19. c4 Nf6 20. Ne5 Ne4 21. Qb4 Rb8 22. Nxf7 Kxf7 23. g4 e6 24. f3 Bf8 25. c5 Ng5 26. Qd2 Nh7 27. e4 fxe4 28. fxe4 Kg7 29. Rf1 Be7 30. Rc3 Bg5 31. Qe1 Bh4 32. Qe2 Ng5 33. e5 Rf8 34. Rcc1 Qxa5 35. Bc3 Qc7 36. Bd2 Qe7 37. b4 Rxf1+ 38. Rxf1 Rf8 39. Bf4 Nh7 40. Bd2 Bg5 41. Be1 Bf4 42. h4 g5 43. h5 Rf7 44. Qd3 Nf8 45. Rf3 Qd8 46. Bf1 Qe7 47. Kg2 Qe8 48. Qd1 Qe7 49. Bd3 Qe8 50. Bb1 Kg8 51. Qd3 Qe7 52. Bc2 Qe8 53. Bc3 Bc1 54. Be1 Rxf3 55. Qxf3 Qf7 56. Qe2 Qf4 57. Bf2 Qd2 58. Qd3 Qxd3 59. Bxd3 Bd2 60. b5 axb5 61. Kf3 Bc3 62. Ke2 b4 63. Kd1 Kf7 64. Kc2 Ke7 65. Kb3 Nd7 66. Ka4 Nb8 67. Ka5 b3+ 68. Ka4 b2 69. Kb3 Bd2 70. Kxb2 Na6 71. Kc2 Ba5 72. Bxa6 bxa6 73. Kb3 Bc7 74. Be3 a5 75. Ka4 Kd7 76. Bd2 Ke7 77. Bxa5 Bxa5 78. Kxa5 Kd8 79. Kb6 Kd7 80. Kb7 Kd8 81. Kxc6 Ke7 82. Kc7 Ke8 83. Kd6 Kf7 84. c6 Kf8 85. c7 Kf7 86. c8=Q Kg7 87. Qxe6 Kh7 88. Qf7+ Kh8 89. Qf6+ Kh7 90. e6 Kg8 91. e7 Kh7 92. Ke6 Kg8 93. e8=Q+ Kh7 94. Qeg6# 1-0

[Event "Bullet Chess Winners 2023"]
[Site "chess.com INT"]
[Date "2023.07.19"]
[Round "3.11"]
[White "Carlsen, M."]
[Black "Firouzja, Alireza"]
[Result "1-0"]
[WhiteElo "2835"]
[BlackElo "2777"]
[PlyCount "225"]
[EventDate "2023.07.17"]
[EventType "k.o."]

1. Nf3 Nf6 2. g3 g6 3. Bg2 Bg7 4. b3 O-O 5. Bb2 d6 6. d4 b5 7. O-O Bb7 8. Nbd2 Nbd7 9. c4 bxc4 10. Nxc4 a5 ({RR} 10... c5 11. dxc5 Nxc5 12. Nd4 Bxg2 13. Kxg2 Qd7 14. Qd2 Nfe4 15. Qa5 d5 16. Ne3 e5 17. Nf3 d4 18. Nc4 Qe6 19. Nfd2 Rfc8 20. Nxe4 Nxe4 21. f3 Nc5 22. Qd2 Na4 23. Ba3 e4 24. Nd6 e3 25. Qd1 {Vuelban,V (2244)-Banerjee,S (2250) Budapest HUN 2025 0-1 (43)}) 11. Rc1 Nb6 $146 ({RR} 11... Ra6 12. Qc2 Qa8 13. Rfe1 Be4 14. Qd1 c5 15. Ncd2 Bb7 16. e4 Nxe4 17. Nxe4 Bxe4 18. Rxe4 Qxe4 19. Nh4 Qe6 20. d5 Bxb2 21. dxe6 Bxc1 22. Qxc1 Nf6 23. exf7+ Rxf7 24. Nf3 Ra7 25. Ng5 Rf8 26. Ne6 {Kara,Y (2186)-Tuncer,T (2365) Cesme 2019 1-0}) 12. Nfd2 Bxg2 13. Kxg2 a4 14. e4 axb3 15. axb3 Nxc4 16. Rxc4 Nxe4 17. Nxe4 d5 18. Rc5 dxe4 19. Qc2 Ra2 20. Rd1 Bxd4 21. Qxe4 Rxb2 22. Rxd4 Qa8 23. Qc6 Rxb3 24. Qxa8 Rxa8 25. Rxc7 Re8 26. Rdc4 Rb6 27. h4 Rd6 28. Rc8 Rxc8 29. Rxc8+ Kg7 30. Rc3 e6 31. Re3 h5 32. Rf3 Kf8 33. Re3 Ke7 34. Ra3 Rd5 35. Ra7+ Kf6 36. Ra3 Re5 37. Rf3+ Rf5 38. Re3 Rd5 39. Ra3 Kg7 40. Ra7 Rd2 41. Ra6 Rd5 42. Ra3 Rf5 43. Re3 Rf6 44. Rd3 Kg8 45. Re3 Rf5 46. Re4 Ra5 47. Re3 e5 48. Rd3 Kg7 49. Rd7 Kf6 50. Rb7 Ke6 51. Rb6+ Kf5 52. Rb7 f6 53. Rb6 Rc5 54. Kf3 Rc3+ 55. Kg2 Rc5 56. Rb4 g5 57. hxg5 fxg5 58. g4+ hxg4 59. Rb8 Rc3 60. Rf8+ Ke4 61. Rg8 Kf4 62. Rf8+ Ke4 63. Rg8 g3 64. Rxg5 gxf2 65. Kxf2 Rc2+ 66. Ke1 Kf4 67. Rg8 e4 68. Re8 Ke3 69. Kf1 Rc1+ 70. Kg2 Re1 71. Ra8 Rd1 72. Re8 Rd2+ 73. Kf1 Rd1+ 74. Kg2 Rd6 75. Kf1 Rh6 76. Kg2 Rf6 77. Ra8 Kd3 78. Ra3+ Kd4 79. Ra2 Ke3 80. Ra3+ Kf4 81. Ra4 Rf5 82. Kf2 Ke5+ 83. Ke3 Rf3+ 84. Ke2 Rf4 85. Ra5+ Kd4 86. Ra8 Ke5 87. Rd8 Kf5 88. Re8 Rf3 89. Rf8+ Ke5 90. Rxf3 Kd4 91. Re3 Ke5 92. Kf2 Kd4 93. Re2 Ke5 94. Ke3 Kd5 95. Rf2 Ke5 96. Rf4 Kd5 97. Rxe4 Kc5 98. Rf4 Kc6 99. Rf3 Kb6 100. Kf2 Kb7 101. Re3 Ka7 102. Re2 Kb6 103. Re3 Kb7 104. Re2 Ka6 105. Re3 Ka7 106. Rd3 Ka6 107. Ke2 Ka5 108. Rd2 Ka4 109. Kd3 Ka5 110. Rc2 Ka6 111. Kd2 Ka7 112. Rc3 Ka8 113. Kc2 1-0

[Event "Bullet Chess Winners 2023"]
[Site "chess.com INT"]
[Date "2023.07.20"]
[Round "4.11"]
[White "Nakamura, Hi"]
[Black "Firouzja, Alireza"]
[Result "1-0"]
[WhiteElo "2787"]
[BlackElo "2777"]
[PlyCount "89"]
[EventDate "2023.07.17"]
[EventType "k.o."]

1. Nf3 Nf6 2. b3 g6 3. Bb2 Bg7 4. e3 O-O 5. d4 d6 6. Be2 Nbd7 7. O-O c6 8. c4 Re8 9. b4 a5 ({RR} 9... Qc7 10. c5 a5 11. a3 d5 12. Nc3 e5 13. b5 e4 14. b6 Qb8 15. Nd2 h5 16. Re1 Nf8 17. Nf1 Be6 18. f3 exf3 19. Bxf3 Bf5 20. Ng3 Bg4 21. e4 dxe4 22. Ncxe4 Nxe4 23. Nxe4 Qf4 24. Bxg4 {Nakamura,H (2787)-Firouzja,A (2777) chess.com INT 2023 ½-½ (48)}) ({RR} 9... e5 10. c5 e4 11. Nfd2 d5 12. b5 Nf8 13. Nc3 h5 14. a4 Bf5 15. a5 a6 16. bxc6 bxc6 17. Na4 Ng4 18. Nb6 Ra7 19. h3 Nh6 20. Re1 Nh7 21. Nf1 Qh4 22. Ng3 Be6 23. Qa4 Rc7 24. Bxa6 {Nakamura,H (2794)-Firouzja,A (2737) chess.com INT 2024 ½-½ (47)}) 10. a3 Nb6 $146 ({RR} 10... d5 11. Nbd2 Ne4 12. Qc2 Nxd2 13. Qxd2 Nf6 14. Rfc1 Ne4 15. Qc2 Bf5 16. Bd3 Nd6 17. Bxf5 gxf5 18. c5 Ne4 19. Ne1 e6 20. Nd3 Qc7 21. f3 Nf6 22. Bc3 axb4 23. axb4 Nd7 24. Be1 Rxa1 25. Rxa1 {Rodgaard,J (2331)-Stojanovic,D (2492) Batumi 2018 0-1 (52)}) 11. c5 Nbd5 12. cxd6 exd6 13. bxa5 Qxa5 14. Nbd2 Nb6 15. Rc1 Na4 16. Ba1 d5 17. Nb3 Qd8 18. Ne5 Bf8 19. Nc5 Nxc5 20. dxc5 Rxa3 21. Bd4 Bg7 22. Nd3 Ne4 23. Bxg7 Kxg7 24. Bf3 Qf6 25. Bxe4 dxe4 26. Nf4 Rd8 27. Qc2 Bf5 28. Ne2 Rd5 29. Nd4 Ra5 30. Qb3 Raxc5 31. Rxc5 Rxc5 32. Qxb7 h5 33. h3 Qg5 34. Kh1 Qf6 35. Ra1 Rc4 36. Qb8 c5 37. Ra8 Kh6 38. Qf4+ Kh7 39. Ne2 Rc2 40. Ng3 h4 41. Nxe4 Qe7 42. Ng5+ Kg7 43. Qxh4 Rc1+ 44. Kh2 Qe5+ 45. f4 1-0